LDR 00791naa#a2200193#i#450# 001 EN\\bibl\114903 005 20260602062927.2 011 ## _a2588-0209 100 ## _a20260227b2026####ek#y0engy0150####ca 102 ## _aRU 200 1# _aAUTOMATION OF THE INFORMATION COLLECTION PROCESS FOR CADASTRAL VALUATION OF LAND PLOTS USING NEURAL NETWORK TECHNOLOGIES _eJournal article 210 1# _aMoscow _cElectronic science _d2026 215 ## _a25 с. 608 ## _aJournal article _2local 675 ## _aЦена земли. Цена недвижимости. Продуктивность земли. Рента. 332.6 _aИскусственный интеллект. 004.8 _z 700 #1 _aBarsukova _gGalina Nikolaevna 700 #1 _aLysenko _gAleksandr Anatol'evich 700 #1 _aPuzanova _gDar'ya Sergeevna 856 4# _aiacj.ru _u